000 01370namaa22003251i 4500
005 20260416095411.0
008 260416s1995 ua a|||frm||| 000 0 eng d
040 _aEG-GICUC
_beng
_cEG-GICUC
_dEG-GICUC
_erda
041 0 _aeng
_beng
_bara
049 _aDeposit
097 _aM.Sc
099 _aCai01.07.01.M.Sc.1995.Th.R
100 0 _aThamer Izeedin Al Hanish,
_epreparation.
245 1 0 _aResidual Effect of Herbicides in some Field Crops /
_cBy Thamer Izeedin Al Hanish ; Supervised Dr. Ahmed H. El-Hattab, Dr. Shaban A.Shaban, Dr. Ezzaldin O. Abusteit
_bRemainder of title /
246 1 5 _aدراسة الاثر المتبقي لمبيدات الحشائش في بعض محاصيل الحقل
264 0 _c1995.
300 _a124 Leaves
_billustrations
_c30 cm. +
336 _2rda content
_atext
337 _2rdamedia
_aUnmediated
338 _2rdacarrier
_avolume
502 _aThesis (M.Sc.)-Cairo University, 1995
504 _aBibliography: pages 114-124
653 0 _aHerbicides in some Field Crops
700 0 _aAhmed H. El-Hattab
_ethesis advisor.
700 0 _aShaban A.Shaban
_ethesis advisor.
700 0 _aEzzaldin O. Abusteit
_ethesis advisor.
900 _DDepartment of Agronomy
_FFaculty of Agriculture
_UCairo University
_b1995
_cAhmed H. El-Hattab
_cShaban A.Shaban
_cEzzaldin O. Abusteit
905 _aNehad
942 _2ddc
_cTH
_e21
_n0
999 _c179516